Statistics for Seas on the World Map

Click here to take the quiz!

General Stats

  • This quiz has been taken 53,264 times
  • The average score is 11 of 15

Answers on the Map

Answers color-coded by a green-red scale on the quiz's map according to % correct below.
Loading ...
 

Answer Stats

Sea% Correct
Mediterranean Sea
94%
Red Sea
92%
Black Sea
91%
Caribbean Sea
87%
North Sea
85%
Baltic Sea
83%
Caspian Sea
81%
Sea of Japan
73%
South China Sea
70%
Adriatic Sea
69%
Bering Sea
67%
Aegean Sea
62%
Arabian Sea
59%
Tasman Sea
51%
East China Sea
33%

Score Distribution

Percentile by Number Answered

Percent of People with Each Score

Your Score History

You have not taken this quiz